Λεξικό αρχαίας ελληνικής γλώσσας

Saved in:
Bibliographic Details
Main Author: Γιαννακόπουλος, Παναγιώτης Ε.
Format: Book
Language:Greek
Published: [Αθήνα] : Πελεκάνος, [198-]
Subjects:
Tags: Add Tag
No Tags, Be the first to tag this record!

MARC

LEADER 00000cam a2200000 i 4500
001 1/75238
008 980624q19851995 gre d
020 |a 960-7456-43-2 
035 |l 10032072 
040 |a GR-MY-UA  |b gre  |e aacr 
041 0 |a gre 
082 0 |a 483  |2 (22) 
100 1 |a Γιαννακόπουλος, Παναγιώτης Ε. 
245 1 0 |a Λεξικό αρχαίας ελληνικής γλώσσας /  |c Παν. Ε. Γιαννακόπουλος 
260 |a [Αθήνα] :   |b Πελεκάνος,   |c [198-] 
300 |a 552 σ.;  |c 21 εκ. 
650 0 0 |a Greek language, Hellenistic (300 B.C.-600 A.D.)  |x Dictionaries. 
852 |a INST  |b RHODES  |e 19980624  |h 483 ΓΙΑ  |p 005400006243  |q 005400006243  |t REF  |y 23 
852 |a INST  |b RHODES  |c KRI  |e 20051219  |h  483 ΓΙΑ  |p 005400021777  |q 005400021777  |t REF  |y 23 
901 |a BIBL-1998-2 
909 |a Ρ  |b 054158  |c 1998 
909 |a Ρ  |b 122819 
922 |a 4ΕΛΗ  |b 199802  |c ΚΠΣ/ΔΕ  |d EMVASIS 
970 |a ΚΟΖΑ  |b ΜΑΡΙΑ  |z 2005/12/19